000 00434nam a22001697a 4500
003 NUST - PNEC
005 20170116180925.0
008 150905b xxu||||| |||| 00| 0 eng d
020 _a-
040 _cLIBRARY
082 _a621.3 LOG
100 _98006
_aLogan, J. C.
245 _aThe new mininec : Initial concept of employment
_cJ. C. Logan
260 _c1989
650 _98009
_aMechanical Engineering
_xME
942 _2ddc
_cBK
999 _c65760
_d65760